Biology : (Record no. 13473)

MARC details
000 -LEADER
fixed length control field 01127cam a22003134a 4500
001 - CONTROL NUMBER
control field 13473
003 - CONTROL NUMBER IDENTIFIER
control field 036784
005 - DATE AND TIME OF LATEST TRANSACTION
control field 20260205083911.0
008 - FIXED-LENGTH DATA ELEMENTS--GENERAL INFORMATION
fixed length control field 031203s2005 njua 001 0 eng
010 ## - LIBRARY OF CONGRESS CONTROL NUMBER
LC control number 2003026478
020 ## - INTERNATIONAL STANDARD BOOK NUMBER
International Standard Book Number 0131426338
Qualifying information pbk.
020 ## - INTERNATIONAL STANDARD BOOK NUMBER
International Standard Book Number 9780131426337
Qualifying information case
035 ## - SYSTEM CONTROL NUMBER
System control number 13422853
040 ## - CATALOGING SOURCE
Original cataloging agency DLC
Transcribing agency DLC
Modifying agency DLC
-- BSULIB
042 ## - AUTHENTICATION CODE
Authentication code pcc
050 00 - LIBRARY OF CONGRESS CALL NUMBER
Classification number QH308.2
Item number .K76 2005
082 00 - DEWEY DECIMAL CLASSIFICATION NUMBER
Classification number 570
Edition number 22
Item number KRO
100 1# - MAIN ENTRY--PERSONAL NAME
Personal name Krogh, David,
Dates associated with a name 1949-
9 (RLIN) 26270
245 10 - TITLE STATEMENT
Title Biology :
Remainder of title a guide to the natural world /
Statement of responsibility, etc David Krogh.
250 ## - EDITION STATEMENT
Edition statement 2nd ed.
260 ## - PUBLICATION, DISTRIBUTION, ETC. (IMPRINT)
Place of publication, distribution, etc Upper Saddle River, N.J. :
Name of publisher, distributor, etc Pearson Education, Inc.,
Date of publication, distribution, etc c2004.
300 ## - PHYSICAL DESCRIPTION
Extent xxxv,403p.:
Other physical details col. ill. ;
Dimensions 27 cm.
Accompanying material 1 CD-ROM (4 3/4 in.)
650 #0 - SUBJECT ADDED ENTRY--TOPICAL TERM
Topical term or geographic name as entry element Biology.
9 (RLIN) 6614
856 41 - ELECTRONIC LOCATION AND ACCESS
Materials specified Table of contents
Uniform Resource Identifier <a href="http://www.loc.gov/catdir/toc/ecip0411/2003026478.html">http://www.loc.gov/catdir/toc/ecip0411/2003026478.html</a>
906 ## - LOCAL DATA ELEMENT F, LDF (RLIN)
a 7
b cbc
c orignew
d 1
e ecip
f 20
g y-gencatlg
942 ## - ADDED ENTRY ELEMENTS (KOHA)
Source of classification or shelving scheme Dewey Decimal Classification
Koha item type Books
Holdings
Withdrawn status Lost status Source of classification or shelving scheme Damaged status Not for loan Home library Current library Shelving location Date acquired Inventory number Total Checkouts Full call number Barcode Date last seen Copy number Price effective from Koha item type Public note
    Dewey Decimal Classification     Main Library Main Library Open Shelves 05/02/2026 17937   570 KRO bsu26020143 05/02/2026 001 05/02/2026 Books Materials available in hard copy.

© 2017 Bishop Stuart University Library. All Rights Reserved.
Kakoba Campus, Plot 150 Buremba Road | P.O. Box 9, Mbarara, UGANDA | Tel: +256-772-463068
Email: library@bsu.ac.ug